|
|
|
|
| LEADER |
01043cas a2200217 a 4500 |
| 001 |
AALejournalJSTOR000419 |
| 008 |
230228c9999 xx r poo 0 0eng d |
| 022 |
|
|
|a 0195-8402
|
| 022 |
|
|
|a 2732-5601
|
| 040 |
|
|
|a BD-DhAAL
|c BD-DhAAL
|
| 245 |
0 |
0 |
|h [electronic resource]
|a Health Education Quarterly
|
| 260 |
|
|
|b Sage Publications, Inc.
|
| 300 |
|
|
|a 1 online resource
|
| 362 |
0 |
|
|a Vol. 8,
|a no. 1
|
| 500 |
|
|
|a <strong>Off-Campus Access:</strong> Athens ID and Password Required
|
| 500 |
|
|
|a <strong>On-Campus Access:</strong> No User ID or Password Required
|
| 506 |
|
|
|a Electronic access restricted to authorized BRAC University faculty, staff and students
|
| 538 |
|
|
|a Mode of access: Internet
|
| 650 |
|
4 |
|a Education ; Health Sciences ; Medicine & Allied Health ; Public Health ; Social Sciences
|
| 856 |
4 |
0 |
|z Full text available on JSTOR[1981-04-01 - 1996-12-01]
|u https://www.jstor.org/journal/healeducquar
|
| 856 |
4 |
0 |
|z Off-campus access
|u https://go.openathens.net/redirector/bracu.ac.bd?url=https%3A%2F%2Fwww.jstor.org%2Fjournal%2Fhealeducquar
|